| 000 | 00687nam a22001817a 4500 | ||
|---|---|---|---|
| 008 | 161123b xxu||||| |||| 00| 0 eng d | ||
| 020 | _a9780619215613 | ||
| 050 |
_aT58.6 _b.S72 2006 |
||
| 100 | _aStair, Ralph M. | ||
| 245 |
_aPrinciples of information systems : _ba managerial approach / _cRalph M. Stair, George W. Reynolds. |
||
| 250 | _a7th ed. | ||
| 260 |
_aBoston, Mass. : _bThomson/Course Technology, _c2006. |
||
| 300 |
_axxxv, 758 p. : _bcol. ill. ; _c29 cm. + _e1 CD-ROM (4 3/4 in.) |
||
| 500 | _a Includes bibliographical references and indexes. | ||
| 650 | _aManagement information systems. | ||
| 700 |
_a Reynolds, George Walter, _d1944- |
||
| 942 |
_2lcc _cBK |
||
| 999 |
_c47416 _d47416 |
||